Training for the new millennium : pedagogies for translation and interpreting

Bibliographic Details
Main Author: Tennent, Martha (Author)
Format: Book
Language:English
Published: Amsterdam : John Benjamins , c2005
Series:Benjamins translation library, ISSN 0929-7316 v. 60
Subjects:

MARC

LEADER 00000cam a2200000 7i4500
001 0000008658
005 20070118093000.0
008 061031s2005 ne eng
020 |a 1588116093 (U.S. : hb : alk. paper) 
020 |a 9027216665 (Eur. : hb : alk. paper) 
090 0 0 |a P306.5   |b .T717 2005 
245 0 0 |a Training for the new millennium :   |b pedagogies for translation and interpreting   |c edited by Martha Tennent 
260 2 |a Amsterdam :   |b John Benjamins ,   |c c2005 
300 |a xxv, 274 p. ;   |c 23 cm. 
440 0 |a Benjamins translation library, ISSN 0929-7316   |v v. 60 
504 |a Includes bibliographical references and index 
650 0 |a Translating and interpreting   |x Study and teaching 
650 0 |a Translators   |x Training of 
700 1 |a Tennent, Martha ,   |e author 
999 |a 1000105843   |b Book   |c OPEN SHELF (30 DAYS)   |e Gong Badak Campus